000
00317nam a22001337a 4500
008
170727b xxu||||| |||| 00| 0 eng d
020
_a
9780073380650
041
_a
eng
080
_2
6TH
_a
004
100
_a
31
101
_a
SHK
245
_a
COMPUTER ORGANIZATION AND EMBEDDED SYSTEMS
_c
HAMACHER,C
942
_2
udc
_c
BK
999
_c
21992
_d
21992